000 01175nam a2200313 i 4500
003 EG-GICUC
005 20260121101441.0
008 251208s2007 ua ||||f |||| 000 0 ara d
017 _a2006/91692
040 _a EG-GICUC
_bara
_c EG-GICUC
_d EG-GICUC
_erda
041 _aara
082 0 4 _221
_a343.5
_bم ح . ح
092 0 4 _221
099 _aLaw1 10 343.5 م ح . ح 1 ed - 2007
100 0 _aفتيحة قرة.
_eمؤلف.
245 1 2 _aحقوق وواجبات أعضاء هيئة التدريس و الأجهزة المعاونة و العاملين بالجامعة /
_cمحمود احمد طه.
250 _aالطبعة الاولى
264 1 _aالإسكندرية :
_bمنشأة المعارف,
_c2007.
300 _a101؛ صفحة
_c24 سم
_bإيضاحيات، صور، مثيليات ؛
336 _2rda content
_atext
337 _2rda media
_aComputer
338 _2rda carrier
_aOnline Resource
546 _aالنص باللغة العربية
650 1 4 _aالقانون الجنائي الدولي
_2qrmak
651 1 _2qrmak
856 4 0 _uhttps://fll.law.cu.edu.eg/fulltext/bks/B10-06636.pdf
905 _a79
942 _2ddc
_cBK
_e21
_n0
999 _c49129
_d49129